000 00463nam a22001577a 4500
003 OSt
005 20251104111459.0
008 251104b |||||||| |||| 00| 0 eng d
022 _a0040-5639
100 _aMichael L. Cook, SJ
245 _aGODZIEBA, ANTHONY J AND BRADFORD E. HINZE (ED.).:
_bBeyond Dogmatism and Innocence
260 _aUSA,
_bSage Publications;
_c2018
300 _aP.450-452
440 _aTheological Studies
_nNo.2
_vVol.79
942 _2lcc
_cART
999 _c205084
_d205044